| 000 | 01036nmm a2200289 a 4500 | ||
|---|---|---|---|
| 001 | ocm0001083749 | ||
| 003 | TR-IsHL | ||
| 005 | 20201028151642.0 | ||
| 008 | 150709s1994 tu tur | ||
| 007 | cr cn | ||
| 035 |
_a1083749 _b(N$T) |
||
| 050 | 0 | 4 |
_aDR435.A7 _bR7519 1994 |
| 090 | 0 | 4 |
_aDR435.A7 _bR7519 1994 |
| 100 | 1 | _aRouillon, Leon | |
| 245 | 1 | 0 |
_aTürkiye'yi savunuyorum: belgeler = _bPour la Turquıe _h[electronic resource] / _cLeon Rouillon ; tercüme eden Cemal Karaağaçlı |
| 260 |
_aİstanbul : _bBedir Yayınları, _c1994 |
||
| 300 | _a129 p. | ||
| 650 | 4 | _aTarih | |
| 650 | 4 | _aHistory | |
| 650 | 0 |
_aTurkey _x History _x Mehmed V, 1909-1918 |
|
| 650 | 0 |
_aTurkey _x Politics and government _x 1909- |
|
| 650 | 0 |
_aTurkey _x Relations _x France |
|
| 650 | 0 |
_aFrance _x Relations _x Turkey |
|
| 650 | 7 |
_aHISTORY / Middle East / Turkey & Ottoman Empire _2bisacsh |
|
| 700 | 1 | _aKaraağaçlı, Cemal | |
| 856 | 4 | 0 | _uhttp://search.ebscohost.com/login.aspx?direct=true&scope=site&db=e011xww&AN=1083749 |
| 999 |
_c11116 _d11116 |
||